[Event "Standard for Masternorm (1800+)"]
[Site "SchemingMind.com"]
[Date "2018.11.13"]
[Round "-"]
[White "Mike Winslow"]
[Black "willyboy"]
[Result "1-0"]
[WhiteCountry "USA"]
[BlackCountry "AUT"]
[WhiteElo "1978"]
[WhiteRD "95"]
[BlackElo "1924"]
[BlackRD "66"]
[GameID "434644"]

1. d4 g6 2. e4 d6 3. c4 Bg7 4. Nc3 e5 5. dxe5 Bxe5 6. Nge2 Be6 7. f4 Bg7 8. Nd4 Bg4 9. Be2 Bxe2 10. Ncxe2 Nd7
11. O-O Ngf6 12. Qc2 O-O 13. f5 Qe7 14. fxg6 fxg6 15. Nf4 Nc5 16. b4 Ng4 17. Nf3 Bxa1 18. bxc5 dxc5 19. Nd5 Qg7 20. Rd1 Ne5
21. Bf4 Nxf3+ 22. gxf3 c6 23. Nc7 Bd4+ 24. Kg2 Qf6 25. Nxa8
1-0

[Event "Standard for Masternorm (1800+)"]
[Site "SchemingMind.com"]
[Date "2018.11.13"]
[Round "-"]
[White "willyboy"]
[Black "Mike Winslow"]
[Result "1-0"]
[WhiteCountry "AUT"]
[BlackCountry "USA"]
[WhiteElo "2190"]
[WhiteRD "69"]
[BlackElo "1915"]
[BlackRD "104"]
[GameID "434645"]

1. e4 e5 2. f4 exf4 3. Nf3 Be7 4. Bc4 Nf6 5. d3 d5 6. exd5 Nxd5 7. Nc3 Bh4+ 8. g3 Nxc3 9. bxc3 fxg3 10. Qe2+ Be6
11. hxg3 Bxg3+ 12. Kd1 Qd6 13. Bxe6 Qxe6 14. Qg2 Qg6 15. Rg1 Bd6 16. Qh3 Qxg1+ 17. Nxg1 O-O 18. Rb1 b6 19. Nf3 Nc6 20. Ng5 h6
21. Ne4 Rfe8 22. Bxh6 gxh6 23. Nf6+ Kg7 24. Nxe8+ Rxe8 25. Qg2+
1-0

[Event "Standard for Masternorm (1800+)"]
[Site "SchemingMind.com"]
[Date "2018.11.28"]
[Round "-"]
[White "Mike Winslow"]
[Black "Torclyn"]
[Result "0-1"]
[WhiteCountry "USA"]
[BlackCountry "GER"]
[WhiteElo "1965"]
[WhiteRD "96"]
[BlackElo "2241"]
[BlackRD "119"]
[GameID "435062"]

1. d4 d5 2. c4 e6 3. Nc3 Nf6 4. Bg5 Be7 5. Nf3 Nbd7 6. Qc2 h6 7. Bxf6 Nxf6 8. Ne5 c5 9. e3 O-O 10. Bd3 cxd4
11. exd4 dxc4 12. Nxc4 Qxd4 13. O-O-O Qf4+ 14. Kb1 Bd7 15. g3 Qc7 16. f4 Rfd8 17. Ne5 Be8 18. h4 Rac8 19. g4 Nd5 20. Nxd5 Rxd5
21. g5 Qxc2+ 22. Bxc2 Rxd1+ 23. Rxd1 Rd8 24. Rxd8 Bxd8 25. Be4 f6 26. Nd3 hxg5 27. hxg5 fxg5 28. fxg5 Bxg5 29. Bxb7 Be3 30. Kc2 g5
31. Kd1 Kg7 32. Ke2 Bb6 33. Kf3 Kf6 34. Nf2 Bxf2 35. Kxf2 a5 36. Ke3 Kf5 37. b3 Ke5 38. a3 Kd6 39. Kd3 Bc6 40. Bxc6 Kxc6
41. Ke4 Kd6 42. b4 axb4 43. axb4 Kc6 44. Ke5 Kb5
0-1

[Event "Standard for Masternorm (1800+)"]
[Site "SchemingMind.com"]
[Date "2018.11.28"]
[Round "-"]
[White "Torclyn"]
[Black "Mike Winslow"]
[Result "1-0"]
[WhiteCountry "GER"]
[BlackCountry "USA"]
[WhiteElo "2231"]
[WhiteRD "140"]
[BlackElo "1915"]
[BlackRD "104"]
[GameID "435063"]

1. e4 c6 2. d4 d5 3. e5 Bf5 4. h4 h5 5. Bd3 Nh6 6. Qxh5 Bxd3 7. cxd3 g6 8. Qe2 e6 9. Nf3 Qb6 10. Be3 Nd7
11. Nc3 O-O-O 12. O-O-O c5 13. dxc5 Bxc5 14. Bxc5 Nxc5 15. d4 Nd7 16. Ng5 Rdf8 17. g4 f6 18. exf6 Nxf6 19. f3 Kd7 20. Rhe1 Re8
21. Nh3 Nf7 22. Nf4 Rxh4 23. Nxg6 Rh6 24. Ne5+ Nxe5 25. Qxe5 Reh8 26. g5 Rh2 27. Re2 Rh1 28. Qxf6 Rxd1+ 29. Kxd1 Rh1+ 30. Kc2
1-0

[Event "Standard for Masternorm (1800+)"]
[Site "SchemingMind.com"]
[Date "2018.11.26"]
[Round "-"]
[White "Torclyn"]
[Black "willyboy"]
[Result "1-0"]
[WhiteCountry "GER"]
[BlackCountry "AUT"]
[WhiteElo "2287"]
[WhiteRD "113"]
[BlackElo "1924"]
[BlackRD "66"]
[GameID "435064"]

1. e4 e5 2. Bc4 c6 3. Nf3 d5 4. Bb3 Nf6 5. d3 Bd6 6. exd5 cxd5 7. Bg5 Bc7 8. Nc3 h6 9. Bxf6 gxf6 10. Nxd5 Be6
11. Nxc7+ Qxc7 12. d4 Nc6 13. Bxe6 fxe6 14. dxe5 Rd8 15. Qe2 Nxe5 16. Nxe5 Qxe5 17. Qxe5 fxe5 18. Rd1 Rd5 19. c4 Rxd1+ 20. Kxd1 Ke7
21. Ke2 Rg8 22. g3 a5 23. f3 a4 24. Rd1
1-0

[Event "Standard for Masternorm (1800+)"]
[Site "SchemingMind.com"]
[Date "2018.11.26"]
[Round "-"]
[White "willyboy"]
[Black "Torclyn"]
[Result "0-1"]
[WhiteCountry "AUT"]
[BlackCountry "GER"]
[WhiteElo "1924"]
[WhiteRD "66"]
[BlackElo "2287"]
[BlackRD "113"]
[GameID "435065"]

1. e4 e5 2. f4 exf4 3. Nf3 Nf6 4. e5 Nh5 5. d4 d6 6. Be2 dxe5 7. Nxe5 Qh4+ 8. Kd2 Nf6 9. Qe1 Qxe1+ 10. Kxe1 Nd5
11. Nc3 Bb4 12. Bd2 Bxc3 13. bxc3 Nd7 14. c4 Nxe5 15. cxd5 Ng6 16. Rb1 O-O 17. Kf2 b6 18. h4 Rd8 19. c4 c6 20. dxc6 Rxd4
21. Bc3 Rd8 22. c7 Re8
0-1

[Event "Standard for Masternorm (1800+)"]
[Site "SchemingMind.com"]
[Date "2018.12.10"]
[Round "-"]
[White "Mike Winslow"]
[Black "David Perna-Fraser"]
[Result "0-1"]
[WhiteCountry "USA"]
[BlackCountry "CAN"]
[WhiteElo "1940"]
[WhiteRD "105"]
[BlackElo "2149"]
[BlackRD "83"]
[GameID "435599"]

1. d4 Nf6 2. c4 e6 3. g3 Bb4+ 4. Nd2 b6 5. Bg2 c6 6. a3 Bxd2+ 7. Bxd2 d5 8. Qc2 Ba6 9. cxd5 cxd5 10. Nf3 O-O
11. Bf4 Nbd7 12. b4 Rc8 13. Qa4 Bc4 14. Qxa7 Ne4 15. Nd2 Nxd2 16. Kxd2 e5 17. dxe5 g5 18. Bxg5 Qxg5+ 19. f4 Qf5 20. Qa4 b5
21. Qd1 Nxe5 22. fxe5 Bxe2 23. Kxe2 Rc2+ 24. Ke3 Qxe5+
0-1

[Event "Standard for Masternorm (1800+)"]
[Site "SchemingMind.com"]
[Date "2018.12.09"]
[Round "-"]
[White "David Perna-Fraser"]
[Black "Mike Winslow"]
[Result "1/2-1/2"]
[WhiteCountry "CAN"]
[BlackCountry "USA"]
[WhiteElo "1987"]
[WhiteRD "70"]
[BlackElo "1943"]
[BlackRD "82"]
[GameID "435600"]

1. e4 c6 2. d4 d5 3. Nc3 dxe4 4. Nxe4 Nd7 5. Nf3 Ngf6 6. Nxf6+ Nxf6 7. c3 Bf5 8. Bd3 Bxd3 9. Qxd3 e6 10. O-O Qc7
11. Bd2 Bd6 12. Rfe1 O-O-O 13. h3 h6 14. a4 g5 15. a5 g4 16. hxg4 Nxg4 17. a6 b6 18. Re4 h5 19. Bg5 Rdg8 20. Qd2 f6
21. Bf4 h4 22. Bxd6 Qxd6 23. Qe2 h3 24. Rxe6 h2+ 25. Kh1 Nxf2+ 26. Qxf2 Qxe6 27. Re1 Qa2 28. Qc2 Qxa6 29. Qf5+ Kb8 30. Qxf6 Rc8
31. Ne5 Qb7 32. Qd6+ Qc7 33. Nxc6+ Ka8 34. Qxc7 Rxc7 35. d5 Rf7 36. c4 Rf2 37. Rd1 Kb7 38. Ne5 Rxb2 39. d6 Rf2 40. d7 Kc7
41. Nc6 Kxc6 42. d8=Q Rxd8 43. Rxd8 Kc5 44. Rc8+ Kb4 45. g4 a5 46. g5 Rf7 47. Rc6 b5 48. cxb5 Kxb5 49. Rf6 Rg7 50. Rf5+ Kb4=
1/2-1/2

[Event "Standard for Masternorm (1800+)"]
[Site "SchemingMind.com"]
[Date "2018.12.05"]
[Round "-"]
[White "David Perna-Fraser"]
[Black "Torclyn"]
[Result "0-1"]
[WhiteCountry "CAN"]
[BlackCountry "GER"]
[WhiteElo "2085"]
[WhiteRD "82"]
[BlackElo "2241"]
[BlackRD "119"]
[GameID "435601"]

1. e4 e5 2. Nf3 Nc6 3. Bb5 a6 4. Ba4 Nf6 5. O-O Nxe4 6. Re1 Nc5 7. Bxc6 dxc6 8. Nxe5 Be7 9. d4 Ne6 10. c3 O-O
11. Nd2 c5 12. dxc5 Nxc5 13. Ndf3 Qxd1 14. Rxd1 f6 15. Nc4 Be6 16. Re1 Rfe8 17. Ncd2 Bf7 18. Nf1 Bd6 19. Rxe8+ Rxe8 20. Be3 Na4
21. b3 Nxc3 22. Ng3 c5 23. Nf5 Bf8 24. h3 b5 25. Ng3 c4 26. bxc4 Bxc4 27. a3 Na2 28. Nd2 Bd5 29. Nde4 Bxa3 30. Nc3 Bb2
31. Rxa2 Bxa2 32. Nxa2 a5 33. Bd2 Rd8 34. Bxa5 Rd1+ 35. Kh2 Ra1
0-1

[Event "Standard for Masternorm (1800+)"]
[Site "SchemingMind.com"]
[Date "2018.12.05"]
[Round "-"]
[White "Torclyn"]
[Black "David Perna-Fraser"]
[Result "1-0"]
[WhiteCountry "GER"]
[BlackCountry "CAN"]
[WhiteElo "2231"]
[WhiteRD "140"]
[BlackElo "2117"]
[BlackRD "82"]
[GameID "435602"]

1. e4 e5 2. Bc4 Nf6 3. d3 Nc6 4. Nf3 Bc5 5. O-O O-O 6. Bg5 h6 7. Bh4 d6 8. c3 Bg4 9. h3 Bh5 10. g4 Bg6
11. Re1 Qd7 12. Bxf6 gxf6 13. Nh4 Kh7 14. Qf3 Qe7 15. b4 Bb6 16. a4 a5 17. b5 Nd8 18. Nf5 Bxf5 19. gxf5 Rg8+ 20. Kh1 c6
21. Nd2 cxb5 22. axb5 a4 23. Rg1 Qf8 24. Rxg8 Qxg8 25. Rg1 Qf8 26. Nf1 a3 27. Ba2 Ba5 28. Ng3
1-0

[Event "Standard for Masternorm (1800+)"]
[Site "SchemingMind.com"]
[Date "2018.12.10"]
[Round "-"]
[White "David Perna-Fraser"]
[Black "willyboy"]
[Result "1-0"]
[WhiteCountry "CAN"]
[BlackCountry "AUT"]
[WhiteElo "2039"]
[WhiteRD "73"]
[BlackElo "1924"]
[BlackRD "66"]
[GameID "435603"]

1. e4 c5 2. Nf3 e6 3. d4 cxd4 4. Nxd4 Nc6 5. Nc3 d6 6. f3 Nf6 7. Be3 d5 8. exd5 Nxd5 9. Nxd5 exd5 10. Nxc6 bxc6
11. c4 Bb4+ 12. Kf2 O-O 13. cxd5 cxd5 14. a3
1-0

[Event "Standard for Masternorm (1800+)"]
[Site "SchemingMind.com"]
[Date "2018.12.16"]
[Round "-"]
[White "Mike Winslow"]
[Black "flyinduck"]
[Result "0-1"]
[WhiteCountry "USA"]
[BlackCountry "CAN"]
[WhiteElo "1943"]
[WhiteRD "82"]
[BlackElo "2049"]
[BlackRD "60"]
[GameID "435932"]

1. d4 d5 2. c4 Nc6 3. Nc3 dxc4 4. Nf3 Nf6 5. e4 Bg4 6. Be3 e6 7. Bxc4 Bb4 8. Qc2 O-O 9. O-O Bxf3 10. gxf3 e5
11. d5 Ne7 12. a3 Bd6 13. b4 Ng6 14. Kh1 Nh5 15. Rg1 Qh4 16. Rg4 Qh3 17. Be2 Nhf4 18. Rag1 Nxe2 19. Qxe2 h5 20. R1g3 hxg4
21. Rxh3 gxh3 22. Qf1 a5 23. b5 Bxa3 24. Qxh3 a4 25. Qd7 Bb2 26. Na2 Rfc8 27. Kg2 a3 28. Kg3 Bd4 29. f4 exf4+ 30. Bxf4 Nxf4
31. Kxf4 Bxf2 32. Kf5 Bb6 33. Kf4 Rd8 34. Qh3 Ra4 35. Qd3 Re8 36. h3 Raxe4+ 37. Qxe4 Rxe4+ 38. Kxe4 Kf8 39. Ke5 Ke7 40. h4 g6
41. Nc3 f6+ 42. Ke4 Kd6 43. Na2 Kc5 44. Nc3 Kc4
0-1

[Event "Standard for Masternorm (1800+)"]
[Site "SchemingMind.com"]
[Date "2018.12.16"]
[Round "-"]
[White "flyinduck"]
[Black "Mike Winslow"]
[Result "1-0"]
[WhiteCountry "CAN"]
[BlackCountry "USA"]
[WhiteElo "2049"]
[WhiteRD "60"]
[BlackElo "1943"]
[BlackRD "82"]
[GameID "435933"]

1. e4 c6 2. d4 d5 3. e5 Bf5 4. Nf3 e6 5. Be2 Ne7 6. O-O h6 7. c4 dxc4 8. Bxc4 Nd7 9. Nc3 Nb6 10. Bb3 Ned5
11. Qe2 Be7 12. Ne4 Qc7 13. Bd2 O-O-O 14. a4 g5 15. a5 Nd7 16. Rfc1 g4 17. Ne1 h5 18. Nd3 f6 19. Nc3 Bxd3 20. Qxd3 fxe5
21. Bxd5 exd5 22. Nxd5 Qd6 23. Nxe7+ Qxe7 24. a6 Nc5 25. axb7+ Kb8 26. Qa3 Qxb7 27. Qxc5 exd4 28. Bf4+ Ka8 29. Qxc6 Qxc6 30. Rxc6 Rh7
31. g3 d3 32. Rd1 Kb7 33. Rc3 Rhd7 34. f3 Rd5 35. h3 gxf3 36. Kf2 a5 37. Kxf3 Kb6 38. Ke4 Rb5 39. b3 Rb4+ 40. Ke3 Kb5
41. Rdxd3 Re8+ 42. Kf3 Rbe4 43. Rd5+ Kb4 44. Rcd3 a4 45. Bd6#
1-0

[Event "Standard for Masternorm (1800+)"]
[Site "SchemingMind.com"]
[Date "2018.12.16"]
[Round "-"]
[White "David Perna-Fraser"]
[Black "flyinduck"]
[Result "0-1"]
[WhiteCountry "CAN"]
[BlackCountry "CAN"]
[WhiteElo "2039"]
[WhiteRD "73"]
[BlackElo "2033"]
[BlackRD "62"]
[GameID "435934"]

1. e4 e5 2. Nf3 Nf6 3. Nxe5 d6 4. Nf3 Nxe4 5. d4 d5 6. Bd3 Nc6 7. O-O Be7 8. Re1 Bg4 9. c3 f5 10. h3 Bh5
11. Na3 O-O 12. Nc2 Bd6 13. Ne3 Ne7 14. a4 c6 15. a5 a6 16. Be2 Bxf3 17. Bxf3 Bc7 18. Qb3 Rb8 19. Nxf5 Nxf5 20. Rxe4 Kh8
21. Re1 Qd6 22. Re5 Qg6 23. Bf4 Nh4 24. Rg5 Nxf3+ 25. gxf3 Qh6 26. Bxc7 Qxg5+ 27. Kh1 Qh5 28. Bxb8 Qxf3+
0-1

[Event "Standard for Masternorm (1800+)"]
[Site "SchemingMind.com"]
[Date "2018.12.16"]
[Round "-"]
[White "flyinduck"]
[Black "David Perna-Fraser"]
[Result "1-0"]
[WhiteCountry "CAN"]
[BlackCountry "CAN"]
[WhiteElo "2033"]
[WhiteRD "62"]
[BlackElo "2039"]
[BlackRD "73"]
[GameID "435935"]

1. e4 e5 2. f4 exf4 3. Nf3 d5 4. exd5 Nf6 5. c4 c6 6. d4 cxd5 7. Bxf4 Bb4+ 8. Nc3 O-O 9. Be2 Re8 10. O-O Bxc3
11. bxc3 Nc6 12. Qc2 Qe7 13. Rae1 Qe4 14. Qd2 Bf5 15. Nh4 Qc2 16. Nxf5 Qxf5 17. Bg5 Qg6 18. Bxf6 gxf6 19. cxd5 Ne7 20. Rf3 Kh8
21. Bd3 f5 22. Ref1 Rf8 23. Bxf5 Nxf5 24. Rxf5 Rac8 25. Rf6 Qg7 26. d6 Rcd8 27. c4 Rd7 28. c5 Re8 29. Qf2 Rg8 30. d5 Rc8
31. Rxf7 Rxf7 32. Qxf7 Qd4+ 33. Kh1 Qxc5 34. d7
1-0

[Event "Standard for Masternorm (1800+)"]
[Site "SchemingMind.com"]
[Date "2018.12.16"]
[Round "-"]
[White "Torclyn"]
[Black "flyinduck"]
[Result "0-1"]
[WhiteCountry "GER"]
[BlackCountry "CAN"]
[WhiteElo "2184"]
[WhiteRD "111"]
[BlackElo "2049"]
[BlackRD "60"]
[GameID "435936"]

1. e4 e5 2. Bc4 Nf6 3. d3 Nc6 4. Nf3 Bc5 5. O-O d6 6. c3 h6 7. Re1 a6 8. a4 O-O 9. Nbd2 Ba7 10. h3 Ne7
11. Bb3 Ng6 12. d4 Qe7 13. a5 Bd7 14. Bc2 Nf4 15. Nf1 N6h5 16. Kh2 g5 17. Ng1 g4 18. g3 gxh3 19. Bxf4 Nxf4 20. gxf4 exf4
21. Qh5 Qg5 22. Qxg5+ hxg5
0-1

[Event "Standard for Masternorm (1800+)"]
[Site "SchemingMind.com"]
[Date "2018.12.16"]
[Round "-"]
[White "flyinduck"]
[Black "Torclyn"]
[Result "1-0"]
[WhiteCountry "CAN"]
[BlackCountry "GER"]
[WhiteElo "2049"]
[WhiteRD "60"]
[BlackElo "2184"]
[BlackRD "111"]
[GameID "435937"]

1. e4 e5 2. Nf3 Nc6 3. Bb5 a6 4. Ba4 Nf6 5. O-O Be7 6. Re1 b5 7. Bb3 d6 8. c3 O-O 9. h3 Nb8 10. d4 Nbd7
11. Nbd2 Bb7 12. Bc2 Re8 13. Nf1 Bf8 14. Ng3 g6 15. a4 c5 16. b3 d5 17. dxe5 Nxe4 18. Nxe4 dxe4 19. Bg5 Qc7 20. Bxe4 Bxe4
21. Rxe4 Bg7 22. Qe2
1-0

[Event "Standard for Masternorm (1800+)"]
[Site "SchemingMind.com"]
[Date "2019.01.13"]
[Round "-"]
[White "Don71"]
[Black "Mike Winslow"]
[Result "1-0"]
[WhiteCountry "NIR"]
[BlackCountry "USA"]
[WhiteElo "2450"]
[WhiteRD "85"]
[BlackElo "1978"]
[BlackRD "95"]
[GameID "436918"]

1. e4 c6 2. d4 d5 3. Nc3 dxe4 4. Nxe4 Nd7 5. Nf3 Ngf6 6. Nc3 g6 7. Bd3 Bg7 8. O-O O-O 9. Re1 c5 10. Be3 cxd4
11. Bxd4 Nb6 12. h3 Be6 13. Qe2 Rc8 14. Rad1 Rc6 15. Be5 Qc8 16. Nb5 Bxh3 17. gxh3 Qxh3 18. Nh2 Nbd7 19. Nxa7 Re6 20. Qf3 Qxf3
21. Nxf3 Nxe5 22. Nxe5 Rb6 23. Bc4 e6 24. Bb5 Ra8 25. Nc4 Rxa7 26. Nxb6 Rxa2 27. Rd8+ Bf8 28. Na4 Kg7 29. Rb8 b6 30. Rb7 h5
31. Rxe6 Ra1+ 32. Kg2 Nd5 33. Rc6 Ra2 34. Rd7 Nf6 35. Ra7 Nd5 36. Bc4
1-0

[Event "Standard for Masternorm (1800+)"]
[Site "SchemingMind.com"]
[Date "2019.01.13"]
[Round "-"]
[White "Mike Winslow"]
[Black "Don71"]
[Result "0-1"]
[WhiteCountry "USA"]
[BlackCountry "NIR"]
[WhiteElo "1965"]
[WhiteRD "96"]
[BlackElo "2408"]
[BlackRD "91"]
[GameID "436919"]

1. d4 Nf6 2. c4 e6 3. g3 c5 4. Nf3 cxd4 5. Nxd4 d5 6. Bg2 e5 7. Nf3 d4 8. O-O Nc6 9. Nbd2 a5 10. a3 Be7
11. Qc2 O-O 12. Ng5 h6 13. Nge4 Ne8 14. c5 f5 15. Nd6 Nxd6 16. cxd6 Qxd6 17. Nc4 Qc5 18. Bd2 Be6 19. Rac1 e4 20. b4 axb4
21. axb4 Nxb4 22. Qb2 Na2 23. Nb6 Nxc1 24. Rxc1 Ra2 25. Qxa2 Qxc1+ 26. Bxc1 Bxa2 27. g4 Rf6 28. Nd7 Rd6 29. Ne5 Rb6 30. Bf4 g5
0-1

[Event "Standard for Masternorm (1800+)"]
[Site "SchemingMind.com"]
[Date "2019.01.16"]
[Round "-"]
[White "Don71"]
[Black "David Perna-Fraser"]
[Result "1-0"]
[WhiteCountry "NIR"]
[BlackCountry "CAN"]
[WhiteElo "2450"]
[WhiteRD "85"]
[BlackElo "2039"]
[BlackRD "73"]
[GameID "436920"]

1. e4 c5 2. Nf3 Nc6 3. Nc3 g6 4. d4 cxd4 5. Nxd4 Bg7 6. Be3 d6 7. Be2 Nf6 8. Nxc6 bxc6 9. e5 dxe5 10. Qxd8+ Kxd8
11. O-O-O+ Kc7 12. Kb1 Be6 13. Na4 Nd5 14. Bd2 Rab8 15. Nc5 Kd6 16. Na6 e4 17. b3 Ke5 18. Nxb8 Rxb8 19. c4 Nf6 20. Bc3+ Kf5
21. g4+
1-0

[Event "Standard for Masternorm (1800+)"]
[Site "SchemingMind.com"]
[Date "2019.01.16"]
[Round "-"]
[White "David Perna-Fraser"]
[Black "Don71"]
[Result "0-1"]
[WhiteCountry "CAN"]
[BlackCountry "NIR"]
[WhiteElo "2039"]
[WhiteRD "73"]
[BlackElo "2450"]
[BlackRD "85"]
[GameID "436921"]

1. e4 e5 2. Nf3 Nc6 3. Bb5 a6 4. Ba4 b5 5. Bb3 Nf6 6. O-O Bb7 7. d3 Bc5 8. h3 O-O 9. c3 d5 10. exd5 Nxd5
11. Qe2 Qd7 12. Re1 Rae8 13. Bxd5 Qxd5 14. Be3 Be7 15. b3 f5 16. c4 Qd7 17. cxb5 axb5 18. a4 f4 19. Bd2 b4 20. Bc1 Ba6
21. Rd1 Rd8 22. Ne1 Nd4 23. Qb2 e4
0-1

[Event "Standard for Masternorm (1800+)"]
[Site "SchemingMind.com"]
[Date "2019.01.11"]
[Round "-"]
[White "Don71"]
[Black "Torclyn"]
[Result "1-0"]
[WhiteCountry "NIR"]
[BlackCountry "GER"]
[WhiteElo "2408"]
[WhiteRD "91"]
[BlackElo "2241"]
[BlackRD "119"]
[GameID "436922"]

1. e4 e5 2. Nf3 Nc6 3. d4 exd4 4. Nxd4 Nf6 5. Nxc6 bxc6 6. e5 Qe7 7. Qe2 Nd5 8. c4 Nb6 9. b3 Qe6 10. Bb2 Bb4+
11. Nd2 O-O 12. a3 Bxd2+ 13. Qxd2 f6 14. Bd3 fxe5 15. O-O d6 16. Qc2 Nd7 17. Bxh7+ Kh8 18. Rae1 Qh6 19. Be4 Nc5 20. Bc1 g5
21. Bxc6 Rb8 22. Be3 Bf5 23. Qd1
1-0

[Event "Standard for Masternorm (1800+)"]
[Site "SchemingMind.com"]
[Date "2019.01.12"]
[Round "-"]
[White "Torclyn"]
[Black "Don71"]
[Result "0-1"]
[WhiteCountry "GER"]
[BlackCountry "NIR"]
[WhiteElo "2241"]
[WhiteRD "119"]
[BlackElo "2408"]
[BlackRD "91"]
[GameID "436923"]

1. e4 e5 2. Bc4 Nf6 3. d3 c6 4. Nf3 d5 5. Bb3 Bb4+ 6. Bd2 Bxd2+ 7. Nbxd2 Bg4 8. h3 Bxf3 9. Qxf3 O-O 10. g4 a5
11. a3 a4 12. Ba2 dxe4 13. dxe4 b5 14. g5 Nfd7 15. h4 c5 16. Bd5 Ra6 17. O-O-O Nc6 18. Bxc6 Rxc6 19. Nf1 c4 20. Qf5 Re6
21. c3 Qc8 22. Ne3 Nc5 23. Nd5 Kh8 24. h5 Ree8 25. Qf3 f5 26. gxf6 gxf6 27. Rhg1 f5 28. exf5 Qxf5
0-1

[Event "Standard for Masternorm (1800+)"]
[Site "SchemingMind.com"]
[Date "2019.01.13"]
[Round "-"]
[White "Don71"]
[Black "flyinduck"]
[Result "1-0"]
[WhiteCountry "NIR"]
[BlackCountry "CAN"]
[WhiteElo "2443"]
[WhiteRD "94"]
[BlackElo "1997"]
[BlackRD "58"]
[GameID "436924"]

1. Nf3 Nf6 2. c4 Nc6 3. d4 d6 4. Nc3 Bg4 5. h3 Bxf3 6. gxf3 e5 7. d5 Ne7 8. Qb3 Rb8 9. h4 h5 10. Bh3 Ng6
11. Be3 b6 12. Qa4+ Nd7 13. Nb5 Ra8 14. Bxd7+ Kxd7 15. Nxd6+
1-0

[Event "Standard for Masternorm (1800+)"]
[Site "SchemingMind.com"]
[Date "2019.01.14"]
[Round "-"]
[White "flyinduck"]
[Black "Don71"]
[Result "0-1"]
[WhiteCountry "CAN"]
[BlackCountry "NIR"]
[WhiteElo "2033"]
[WhiteRD "62"]
[BlackElo "2450"]
[BlackRD "85"]
[GameID "436925"]

1. e4 Nc6 2. d4 e6 3. Nf3 d5 4. exd5 exd5 5. Bb5 Ne7 6. O-O a6 7. Ba4 b5 8. Bb3 g6 9. Re1 Bg7 10. c3 O-O
11. Bg5 f6 12. Bh4 Nf5 13. Nbd2 g5 14. Bg3 g4 15. Nh4 Nxg3 16. hxg3 f5 17. f4 Na5 18. Bc2 Nb7 19. Nf1 Nd6 20. Ne3 c6
21. Bd3 Rb8 22. Qc2 Ne4 23. Bxe4 dxe4 24. a4 b4 25. Nc4 c5 26. dxc5 bxc3 27. bxc3 Qc7 28. Ne5 Bxe5 29. fxe5 Qxc5+ 30. Kh2 Qxe5
31. Rf1 Rb6 32. Rf4 Rc6 33. Rc1 Be6
0-1

[Event "Standard for Masternorm (1800+)"]
[Site "SchemingMind.com"]
[Date "2019.01.11"]
[Round "-"]
[White "Don71"]
[Black "willyboy"]
[Result "1-0"]
[WhiteCountry "NIR"]
[BlackCountry "AUT"]
[WhiteElo "2450"]
[WhiteRD "85"]
[BlackElo "1924"]
[BlackRD "66"]
[GameID "436926"]

1. e4 e5 2. Nf3 Nc6 3. d4 exd4 4. Nxd4 Nf6 5. Nxc6 bxc6 6. e5 Qe7 7. Qe2 Nd5 8. c4 Ba6 9. Nd2 g6 10. Nf3 Qb4+
11. Kd1 Bg7 12. Qc2 Nb6 13. a3
1-0

[Event "Standard for Masternorm (1800+)"]
[Site "SchemingMind.com"]
[Date "2019.01.18"]
[Round "-"]
[White "Archon"]
[Black "Don71"]
[Result "0-1"]
[WhiteCountry "CAN"]
[BlackCountry "NIR"]
[WhiteElo "1817"]
[WhiteRD "71"]
[BlackElo "2408"]
[BlackRD "91"]
[GameID "437269"]

1. Nf3 Nf6 2. c4 c5 3. Nc3 Nc6 4. e3 e6 5. d4 d5 6. cxd5 exd5 7. Bb5 Be7 8. dxc5 Bxc5 9. O-O O-O 10. b3 a6
11. Bxc6 bxc6 12. Bb2 Bg4 13. Rc1 Rc8 14. Na4 Bd6 15. Nc5 Qe7 16. Bd4 Ne4 17. Nd3 Ng5 18. Nde1 c5 19. Bb2 Rfd8 20. h3 Bh5
21. Kh1 Bc7 22. g4 Bg6 23. Nxg5 Qxg5 24. Ng2 c4 25. f4 Qh6 26. Qd4 Qxh3+ 27. Kg1 f6 28. g5 Rd7 29. gxf6 Be4 30. Rf2 Bd8
31. fxg7 Bh4 32. Rd2 Bg3
0-1

[Event "Standard for Masternorm (1800+)"]
[Site "SchemingMind.com"]
[Date "2019.01.18"]
[Round "-"]
[White "Don71"]
[Black "Archon"]
[Result "1-0"]
[WhiteCountry "NIR"]
[BlackCountry "CAN"]
[WhiteElo "2408"]
[WhiteRD "91"]
[BlackElo "1817"]
[BlackRD "71"]
[GameID "437270"]

1. e4 d6 2. d4 Nf6 3. Nc3 g6 4. Nf3 Bg7 5. Be2 O-O 6. O-O e6 7. Be3 h6 8. h3 Nc6 9. Qd2 Kh7 10. Rad1 Ne7
11. Bf4 a6 12. e5 Nfd5 13. Bh2 b5 14. exd6 cxd6 15. Ne4 Nf5 16. g4 Nh4 17. Bxd6 Nxf3+ 18. Bxf3 Rg8 19. Be5 f6 20. Bh2 f5
21. Nc5 Ra7 22. Rfe1 Re7 23. c3 Rf8 24. gxf5 gxf5 25. a4 Rg8 26. Kh1 Bf6 27. Qd3 Qe8 28. Bd6 Reg7 29. Bxd5
1-0

[Event "Standard for Masternorm (1800+)"]
[Site "SchemingMind.com"]
[Date "2019.01.19"]
[Round "-"]
[White "Archon"]
[Black "Mike Winslow"]
[Result "0-1"]
[WhiteCountry "CAN"]
[BlackCountry "USA"]
[WhiteElo "1817"]
[WhiteRD "71"]
[BlackElo "1965"]
[BlackRD "96"]
[GameID "437271"]

1. Nf3 d5 2. e3 c5 3. b3 Nf6 4. Bb2 Nc6 5. Bb5 e6 6. Bxc6+ bxc6 7. d3 Be7 8. O-O a5 9. Nc3 Ba6 10. Ne5 Qd6
11. Ne2 O-O 12. Ng3 a4 13. Nf3 Ng4 14. h3 Nxe3 15. fxe3 Qxg3 16. Be5 Qg6 17. c4 Bf6 18. Rb1 axb3 19. axb3 Rfd8 20. Bxf6 gxf6
21. Nh4 Qg3 22. Qe1 Qxe1 23. Rbxe1 dxc4 24. bxc4 Rxd3 25. Rxf6 Bxc4 26. Rc1 Bb5 27. Rxc5 Rd5 28. Rc3 Rd3 29. Rxd3 Bxd3 30. Rf2 c5
31. Nf3 Ra1+ 32. Kh2 Re1 33. Ne5 Rxe3 34. Nxf7 c4 35. Nh6+ Kg7 36. Ng4 Re2 37. Kg3 c3
0-1

[Event "Standard for Masternorm (1800+)"]
[Site "SchemingMind.com"]
[Date "2019.01.19"]
[Round "-"]
[White "Mike Winslow"]
[Black "Archon"]
[Result "1-0"]
[WhiteCountry "USA"]
[BlackCountry "CAN"]
[WhiteElo "1965"]
[WhiteRD "96"]
[BlackElo "1817"]
[BlackRD "71"]
[GameID "437272"]

1. d4 d6 2. e4 Nf6 3. Nc3 g6 4. f4 Bg7 5. Nf3 O-O 6. Be2 c5 7. dxc5 Qa5 8. O-O Qxc5+ 9. Kh1 Nc6 10. Nd2 a5
11. Nb3 Qb6 12. a4 Nb4 13. f5 Bd7 14. h4 h6 15. Bf4 Bc6 16. fxg6 fxg6 17. Bc4+ Kh7 18. Qe2 Nh5 19. Bh2 Bf6 20. g4 Ng7
21. Bg1 Qc7 22. Bd4 Bxh4 23. Bxg7 Kxg7 24. Nd4 Bd7 25. Ncb5 Qc8 26. Rxf8 Kxf8 27. c3 Nc6 28. Qh2 Bg5 29. Rf1+ Kg7 30. Rf7+ Kh8
31. Nxd6 exd6 32. Qxd6 Bxg4 33. Nxc6 Qxc6 34. Qd4+ Kg8 35. Qg7#
1-0